Carporate Reputation (Record no. 2681)

MARC details
000 -LEADER
fixed length control field 00400nam a22001697a 4500
005 - DATE AND TIME OF LATEST TRANSACTION
control field 20160614150135.0
008 - FIXED-LENGTH DATA ELEMENTS--GENERAL INFORMATION
fixed length control field 160614b xxu||||| |||| 00| 0 eng d
020 ## - INTERNATIONAL STANDARD BOOK NUMBER
ISBN 0-7494-4333-2
041 ## - LANGUAGE CODE
Language code of text/sound track or separate title eng
082 ## - DEWEY DECIMAL CLASSIFICATION NUMBER
Item number 7493
100 ## - MAIN ENTRY--AUTHOR NAME
Personal name Alsop, Ronald J.
245 ## - TITLE STATEMENT
Title Carporate Reputation
260 ## - PUBLICATION, DISTRIBUTION, ETC. (IMPRINT)
Name of publisher Kogen Pege India (p) ltd
Year of publication 2004
300 ## - PHYSICAL DESCRIPTION
Number of Pages 286
650 ## - SUBJECT ADDED ENTRY--TOPICAL TERM
Topical Term Management
942 ## - ADDED ENTRY ELEMENTS (KOHA)
Koha item type Books
Holdings
Lost status Damaged status Collection code Home library Current library Shelving location Date acquired Cost, normal purchase price Full call number Accession Number Koha item type
    MANAGEMENT JRU Library JRU Library SHELF -72 - J 14/06/2016 395.00 7493 7493 Books
    MANAGEMENT JRU Library JRU Library SHELF -72 - J 14/06/2016 395.00 7493 7494 Books
    MANAGEMENT JRU Library JRU Library SHELF -72 - J 14/06/2016 395.00 7493 7495 Books
    MANAGEMENT JRU Library JRU Library SHELF -72 - J 14/06/2016 395.00 7493 7496 Books